College Football Matchups: Virginia Tech - Statistics

General Stats
  • This quiz has been taken 201 times
    29 since last reset
  • The average score is 12 of 16
Answer Stats
Games Opponent Subdivision % Correct
106 Virginia Power 4
100%
45 North Carolina Power 4
96%
31 Duke Power 4
92%
42 Miami Power 4
92%
37 Clemson Power 4
88%
39 Florida State Power 4
88%
53 NC State Power 4
88%
33 Boston College Power 4
81%
32 Maryland Power 4
77%
54 West Virginia Power 4
77%
23 Pittsburgh Power 4
73%
79 VMI FCS
73%
41 Wake Forest Power 4
69%
52 Richmond FCS
54%
64 William & Mary FCS
50%
22 East Carolina Group of 5
31%
No matching quizzes found
Score Distribution
Percent of People with Each Score
Percentile by Number Answered
Your Score History
You have not taken this quiz since the last reset